| 000 -ლიდერი |
| ფიქსირებული სიგრძის საკონტროლო ველი |
01679nam a2200301Ia 4500 |
| 001 - საკონტროლო ნომერი |
| საკონტროლო ველი |
297 |
| 003 - საკონტროლო ნომრის იდენტიფიკატორი |
| საკონტროლო ველი |
GE_BSU |
| 005 - ბოლო ოპერაციის თარიღი და დრო |
| საკონტროლო ველი |
20200204155839.0 |
| 008 - ფიქსირებული სიგრძის მონაცემთა ელემენტები - ზოგადი ინფორმაცია |
| ფიქსირებული სიგრძის საკონტროლო ველი |
181216s||||||||ge |||||||||||||| ||geo|| |
| 020 ## - წიგნის საერთაშორისო სტანდარტული ნომერი |
| International Standard Book Number |
9789941016851 |
| 040 ## - კატალოგიზაციის წყარო |
| Transcribing agency |
GE_BSU |
| 041 ## - ენის კოდი |
| Language code of text/sound track or separate title |
geo |
| 080 ## - უნივერსალური ათობითი კლასიფიკაციის ინდექსი |
| Universal Decimal Classification number |
612(075.8) ა-26 |
| 245 ## - ცნობა სათაურის შესახებ |
| Title |
ადამიანის ფიზიოლოგიის საფუძვლები : |
| Remainder of title |
სახელმძღვ. უმაღლ. სამედ. სასწ. სტუდ. / |
| Statement of responsibility, etc |
შედგენაში მონაწილეობდნენ: გურამ სანადირაძე, დარეჯან მჟავანაძე, გიორგი ჭიჭინაძე [და სხვ.] ; ირინე კვაჭაძის რედ. |
| 264 ## - წარმოების, გამოცემის, დისტრიბუციის და სხვა ცნობები |
| გამოცემის, წარმოების, დისტრიბუციის... ადგილი |
თბ. : |
| გამოცემის, წარმოების, დისტრიბუციის... სახელწოდება |
თსსუ, |
| გამოცემის, წარმოების, დისტრიბუციის... თარიღი |
2009. |
| 300 ## - ფიზიკური აღწერა |
| Extent |
382 გვ.: |
| Other physical details |
სურ. ; |
| Dimensions |
27 სმ. |
| 500 ## - ზოგადი შენიშვნა |
| General note |
ეძღვება პროფ. არჩილ ასათიანის ხსოვნას. |
| 501 ## - შენიშვნა თანმხლებ მასალაზე |
| With note |
დანართი: გვ. 380-381. |
| 504 ## - BIBLIOGRAPHY, ETC. NOTE |
| Bibliography, etc |
ბიბლიოგრ.: გვ. 382. |
| 653 ## - INDEX TERM--UNCONTROLLED |
| Uncontrolled term |
სახელმძღვანელო |
| 653 ## - INDEX TERM--UNCONTROLLED |
| Uncontrolled term |
ადამიანის ფიზიოლოგია |
| 700 ## - ADDED ENTRY--PERSONAL NAME |
| Personal name |
სანადირაძე, გურამ |
| 9 (RLIN) |
6800 |
| 700 ## - ADDED ENTRY--PERSONAL NAME |
| Personal name |
მჟავანაძე, დარეჯან |
| 9 (RLIN) |
6801 |
| 700 ## - ADDED ENTRY--PERSONAL NAME |
| Personal name |
ჭიჭინაძე, გიორგი |
| 9 (RLIN) |
6802 |
| 700 ## - ADDED ENTRY--PERSONAL NAME |
| Personal name |
დუმბაძე, ზაზა და სხვ. |
| Relator term |
შემდგენელი |
| 9 (RLIN) |
6803 |
| 700 ## - ADDED ENTRY--PERSONAL NAME |
| Personal name |
კვაჭაძე, ირინე |
| Relator term |
რედაქტორი |
| 9 (RLIN) |
6804 |
| 942 ## - ADDED ENTRY ELEMENTS (KOHA) |
| Koha item type |
წიგნი |
| Source of classification or shelving scheme |
|